Scientific farm animal production (Record no. 19293)

MARC details
000 -LEADER
fixed length control field 00423nam a22001577a 4500
008 - FIXED-LENGTH DATA ELEMENTS--GENERAL INFORMATION
fixed length control field 220323b |||||||| |||| 00| 0 eng d
020 ## - INTERNATIONAL STANDARD BOOK NUMBER
International Standard Book Number 0135187257
050 ## - LIBRARY OF CONGRESS CALL NUMBER
Classification number SF61 .F54 2020
100 ## - MAIN ENTRY--PERSONAL NAME
Personal name Field, Thomas G.
245 ## - TITLE STATEMENT
Title Scientific farm animal production
Statement of responsibility, etc. Thomas G. Field
250 ## - EDITION STATEMENT
Edition statement 12th ed.
260 ## - PUBLICATION, DISTRIBUTION, ETC. (IMPRINT)
Place of publication, distribution, etc. Hoboken, New Jersey
Name of publisher, distributor, etc. Pearson
Date of publication, distribution, etc. 2020
300 ## - PHYSICAL DESCRIPTION
Extent xvii, 589p.
650 ## - SUBJECT ADDED ENTRY--TOPICAL TERM
Topical term or geographic name as entry element Livestock
942 ## - ADDED ENTRY ELEMENTS (KOHA)
Source of classification or shelving scheme Library of Congress Classification
Koha item type General Collection
Holdings
Withdrawn status Lost status Source of classification or shelving scheme Not for loan Home library Current library Date acquired Cost, normal purchase price Total Checkouts Full call number Barcode Date last seen Date last checked out Price effective from Koha item type
    Library of Congress Classification   Kabarak, Main Campus Kabarak, Main Campus 23/03/2022 15018.00 1 SF61 .F54 2020 c.1 031475 02/08/2024 03/07/2024 23/03/2022 General Collection
Designed with assistance from East African Informatics Ltd